<?xml version="1.0" encoding="UTF-8"?>
<collection xmlns="http://www.loc.gov/MARC21/slim">
 <record>
  <leader>04364ntm a22005537i 4500</leader>
  <controlfield tag="001">000723839</controlfield>
  <controlfield tag="003">CZ-PrVSE</controlfield>
  <controlfield tag="005">20250601083247.0</controlfield>
  <controlfield tag="006">m        d</controlfield>
  <controlfield tag="007">cr n||||||||||</controlfield>
  <controlfield tag="008">250601s2025    xr     fsbm   000 0 cze d</controlfield>
  <datafield tag="STA" ind1=" " ind2=" ">
   <subfield code="a">NEZPRACOVANÝ IMPORT</subfield>
  </datafield>
  <datafield tag="040" ind1=" " ind2=" ">
   <subfield code="a">ABA006</subfield>
   <subfield code="b">cze</subfield>
   <subfield code="c">ABA006</subfield>
   <subfield code="d">ABA006</subfield>
   <subfield code="e">rda</subfield>
  </datafield>
  <datafield tag="100" ind1="1" ind2=" ">
   <subfield code="a">Hartmann, Jan</subfield>
   <subfield code="7">ola20261289624</subfield>
   <subfield code="4">dis</subfield>
  </datafield>
  <datafield tag="242" ind1="1" ind2="4">
   <subfield code="a">The Influence of Political Preferences on Argentina's Economic Policy through Selected Macroeconomic Indicators in 1982–2024</subfield>
   <subfield code="y">eng</subfield>
  </datafield>
  <datafield tag="245" ind1="1" ind2="0">
   <subfield code="a">Vliv politických preferencí na hospodářskou politiku Argentiny ve světle vybraných makroekonomických agregátů v letech 1982 - 2024 /</subfield>
   <subfield code="c">Jan Hartmann</subfield>
  </datafield>
  <datafield tag="264" ind1=" " ind2="0">
   <subfield code="c">2025</subfield>
  </datafield>
  <datafield tag="300" ind1=" " ind2=" ">
   <subfield code="a">?? stran :</subfield>
   <subfield code="3">digital, PDF soubor</subfield>
  </datafield>
  <datafield tag="500" ind1=" " ind2=" ">
   <subfield code="a">Vedoucí práce: Zdenka Vostrovská</subfield>
  </datafield>
  <datafield tag="502" ind1=" " ind2=" ">
   <subfield code="a">Diplomová práce (Ing.)—Vysoká škola ekonomická v Praze. Národohospodářská fakulta, 2025</subfield>
  </datafield>
  <datafield tag="504" ind1=" " ind2=" ">
   <subfield code="a">Obsahuje bibliografii</subfield>
  </datafield>
  <datafield tag="516" ind1=" " ind2=" ">
   <subfield code="a">Textový (vysokoškolská kvalifikační práce)</subfield>
  </datafield>
  <datafield tag="518" ind1=" " ind2=" ">
   <subfield code="a">Rok obhajoby 2025</subfield>
  </datafield>
  <datafield tag="520" ind1="3" ind2=" ">
   <subfield code="a">Diplomová práce se zaměřuje na porovnání ekonomického vývoje Argentiny v letech 1982‒2024 (ve vybraných etapách) na základě vztahové analýzy závislostí politického uspořádání v zemi se zaměřením na aktuální dění během prvního roku a půl funkčního období prezidenta Javiera Mileie, který zemi vede dle libertariánských myšlenek, tedy na základě tržního liberalismu. Na základě tohoto porovnání autor ověřil hypotézu, zda je možné zlepšit ekonomické postavení země, která je silně ovlivněna levicovou politikou, skrze prosazení reforem založených na myšlenkách svobodného tržního hospodářství a prosazování minimální role státu. Teoretická část práce přináší shrnutí teoretických východisek sledovaných makroekonomických agregátů a podstatných charakteristik pro prostředí argentinské politiky. Praktická část práce následně slouží rovněž k verifikaci dílčích hypotéz práce. První dílčí hypotéza, která předpokládala v období současné pravicově-liberální vlády v Argentině výraznější důraz na pokles míry inflace než v obdobích levicově-populistických vlád, byla za pomoci statistické analýzy dat potvrzena. Následující využití vlastního dotazníkového šetření napomohlo k potvrzení druhé dílčí hypotézy, tedy existenci významného rozdílu v inflačních očekáváních mezi argentinskou a českou populací, jenž je podmíněn historickou zkušeností s ekonomickou nestabilitou. Ze šetření dále vyplývá, že Argentinci v průměru vnímají vyšší hodnotu „subjektivně chápané vysoké míry inflace“ než Češi a Slováci. Význam této práce spočívá rovněž v přispění k hlubšímu pochopení propojení mezi politickými rozhodnutími a ekonomickými výsledky v kontextu argentinské nestability. Zároveň poukazuje na důležitost zahrnutí časového zpoždění fiskální a monetární politiky při hodnoc</subfield>
  </datafield>
  <datafield tag="520" ind1="8" ind2=" ">
   <subfield code="a">Téma je aktuální zejména v kontrastu s kontextem posílení levicových prvků při tvorbě hospodářských politik během posledních let v Evropě.</subfield>
  </datafield>
  <datafield tag="538" ind1=" " ind2=" ">
   <subfield code="a">Způsob přístupu: Internet</subfield>
  </datafield>
  <datafield tag="653" ind1="0" ind2=" ">
   <subfield code="a">hospodářská politika [obor dipl. práce]</subfield>
  </datafield>
  <datafield tag="655" ind1=" " ind2="7">
   <subfield code="a">diplomové práce</subfield>
   <subfield code="7">fd132022</subfield>
   <subfield code="2">czenas</subfield>
  </datafield>
  <datafield tag="655" ind1=" " ind2="9">
   <subfield code="a">master's theses</subfield>
   <subfield code="2">eczenas</subfield>
  </datafield>
  <datafield tag="690" ind1=" " ind2=" ">
   <subfield code="a">libertarianismus</subfield>
  </datafield>
  <datafield tag="690" ind1=" " ind2=" ">
   <subfield code="a">Argentina</subfield>
  </datafield>
  <datafield tag="690" ind1=" " ind2=" ">
   <subfield code="a">hospodářsko-politický vývoj</subfield>
  </datafield>
  <datafield tag="690" ind1=" " ind2=" ">
   <subfield code="a">liberalismus</subfield>
  </datafield>
  <datafield tag="690" ind1=" " ind2=" ">
   <subfield code="a">inflace</subfield>
  </datafield>
  <datafield tag="690" ind1=" " ind2=" ">
   <subfield code="a">Javier Milei</subfield>
  </datafield>
  <datafield tag="690" ind1=" " ind2=" ">
   <subfield code="a">reformy</subfield>
  </datafield>
  <datafield tag="700" ind1="1" ind2=" ">
   <subfield code="a">Vostrovská, Zdenka,</subfield>
   <subfield code="d">1956-</subfield>
   <subfield code="7">ola2005262729</subfield>
   <subfield code="4">ths</subfield>
  </datafield>
  <datafield tag="700" ind1="1" ind2=" ">
   <subfield code="a">Loužek, Marek,</subfield>
   <subfield code="d">1975-</subfield>
   <subfield code="7">jo2001100165</subfield>
   <subfield code="4">opn</subfield>
  </datafield>
  <datafield tag="710" ind1="2" ind2=" ">
   <subfield code="a">Vysoká škola ekonomická v Praze.</subfield>
   <subfield code="b">Národohospodářská fakulta</subfield>
   <subfield code="7">kn20010709401</subfield>
   <subfield code="4">dgg</subfield>
  </datafield>
  <datafield tag="856" ind1="4" ind2="0">
   <subfield code="u">https://insis.vse.cz/zp/90966/podrobnosti</subfield>
   <subfield code="y">VŠKP v InSIS</subfield>
  </datafield>
  <datafield tag="856" ind1="4" ind2="0">
   <subfield code="u">https://insis.vse.cz/zp/90966</subfield>
   <subfield code="y">Hlavní práce</subfield>
  </datafield>
  <datafield tag="856" ind1="4" ind2="0">
   <subfield code="u">https://insis.vse.cz/zp/90966/posudek/vedouci</subfield>
   <subfield code="y">Hodnocení vedoucího</subfield>
  </datafield>
  <datafield tag="856" ind1="4" ind2="0">
   <subfield code="u">https://insis.vse.cz/zp/90966/posudek/oponent/87038</subfield>
   <subfield code="y">Oponentura</subfield>
  </datafield>
  <datafield tag="999" ind1="4" ind2="0">
   <subfield code="u">https://insis.vse.cz/zp/90966/podrobnosti</subfield>
   <subfield code="y">dc:identifier</subfield>
  </datafield>
  <datafield tag="993" ind1=" " ind2=" ">
   <subfield code="x">NEPOSILAT</subfield>
   <subfield code="y">VSKP</subfield>
  </datafield>
  <datafield tag="999" ind1="4" ind2="9">
   <subfield code="a">vse90966</subfield>
   <subfield code="b">250529</subfield>
  </datafield>
  <datafield tag="999" ind1="4" ind2="5">
   <subfield code="x">90966</subfield>
  </datafield>
 </record>
</collection>
